Sweet Dreams (Are Made Of This) - Eurythmics - All Lyrics - Statistics

General Stats
  • This quiz has been taken 370 times
  • The average score is 237 of 271
Answer Stats
Answer % Correct
are
100%
dreams
100%
made
100%
of
100%
Sweet
100%
the
100%
Who
100%
I
99%
to
99%
Some
97%
am
96%
disagree?
96%
seven
96%
travel
95%
world
95%
you
95%
for
94%
this
94%
looking
93%
and
92%
something
92%
them
92%
want
92%
be
91%
seas
91%
use
87%
by
86%
abuse
85%
Everybody’s
83%
used
81%
abused
79%
get
71%
your
56%
on
51%
on,
51%
head
46%
Movin'
45%
up,
43%
up)
43%
(Hold
40%
keep
40%
(Keep
40%
No matching quizzes found
Score Distribution
Percent of People with Each Score
Percentile by Number Answered
Your Score History
You have not taken this quiz